O výchove vo voľnom čase

Bibliographic Details
Main Author: Lohinová, Naďa (Author)
Format: Article
Language:Slovak
ISSN:0139-6919
Subjects:

MARC

LEADER 00000nab a2200000 a 4500
001 vtls008854372
003 SK-MaSNL
005 20260303210737.0
008 140716c2006 xo mr|p||| |000 b|slo
015 |a SNBRB2006/10 
038 |a SPK 
040 |a SPKCL  |b slo  |c 1997  |e AACR2 
041 0 |a slo 
044 |a xo  |c SK 
072 7 |a +37  |x Výchova a vzdelávanie  |2 konspekt 
072 7 |a +06  |x Organizácie všeobecnej povahy  |2 konspekt 
080 |a 379.8  |2 1997 
080 |a 061.3  |2 1997 
100 1 |a Lohinová, Naďa  |4 aut  |9 820227 
245 1 0 |a O výchove vo voľnom čase  |c Naďa Lohinová 
611 2 7 |a O výchove vo voľnom čase  |g konferencia  |d (2005 :  |c České Budějovice, Česko)  |2 spk  |9 1242889 
650 0 7 |a výchova pre voľný čas  |2 spk  |9 71084 
650 0 7 |a voľný čas  |2 spk  |9 3355 
773 0 |t Vychovávateľ  |g Roč. LIV, č. 2 (2006), s. 37  |x 0139-6919 
852 |a SPK  |b KIS3GCP 
999 |c 2201484  |d 2203414